IMIONA ŻEŃSKIE Z KOŃCÓWKĄ -SŁAWA - Statystyki

Ogólne statystyki
  • Ten quiz został rozwiązany 39 razy
  • Średni wynik to 3 z 12
Statystyki odpowiedzi
Hint Odpowiedź % Poprawnych
8. Wiesława
74%
9. Stanisława
66%
11. Czesława
54%
10. Bogusława
40%
12. Władysława
34%
5. Zdzisława
31%
4. Radosława
23%
1. Bolesława
11%
7. Przemysława
9%
2. Krzesisława
3%
3. Zbysława
3%
6. Wieńczysława
0%
Nie znaleziono quizów pasujących do podanych kryteriów
Rozkład punktacji
Procent ludzi z każdym wynikiem
Percentyl według liczby udzielonych odpowiedzi
Twoja historia wyników
Nie rozwiązałeś tego quizu